000 00439nam a2200181Ia 4500
001 9751
005 20260306161741.0
008 260306t2013||||xx |||||||||||||| ||spa||
041 _aESP
082 _a410
_bV66 2013
100 _aVillantoy Warthon, Alfredo
_eAUT
245 0 _aCuaderno de trabajo de introducción a la comunicación
260 _c2013
300 _a
_c
650 _aGEN
654 _aCED
942 _cLIB
_dJUS
_fJUS
_2ddc
_n
999 _c9751
_d9751